| 000 | 00508nam a22001937a 4500 | ||
|---|---|---|---|
| 003 | MPLRDC | ||
| 005 | 20220104143321.0 | ||
| 008 | 210129b ||||| |||| 00| 0 eng d | ||
| 020 | _a978-957-3273-84-4 | ||
| 082 | _a673.869 LKX | ||
| 100 | _a刘克襄 | ||
| 245 |
_a四分之三的香港 _c |
||
| 250 | _a初版 | ||
| 260 |
_a台湾 _b远流出版事业股份有限公司 _c2014 |
||
| 300 | _b359 | ||
| 490 | _a绿蠹鱼从书: YLK681 | ||
| 650 | _a中国地方志--香港 | ||
| 942 |
_cBK _o673.869 LKX |
||
| 999 |
_c38722 _d38712 |
||